Theory and problems of statistics (Record no. 7819)

000 -LEADER
fixed length control field 00486nam a2200193La 4500
001 - CONTROL NUMBER
control field 7819
003 - CONTROL NUMBER IDENTIFIER
control field BD-DhUET
008 - FIXED-LENGTH DATA ELEMENTS--GENERAL INFORMATION
fixed length control field 000404s1999 nyu s 001 0 eng d
040 ## - CATALOGING SOURCE
Transcribing agency 0
Modifying agency BD-DhUET
082 04 - DEWEY DECIMAL CLASSIFICATION NUMBER
Classification number 519.9
Item number SPI/1961
100 1# - MAIN ENTRY--PERSONAL NAME
Personal name Spiegel, Murray R.
245 10 - TITLE STATEMENT
Title Theory and problems of statistics
250 ## - EDITION STATEMENT
Edition statement 1st ed.
260 ## - PUBLICATION, DISTRIBUTION, ETC. (IMPRINT)
Place of publication, distribution, etc. New York
Name of publisher, distributor, etc. McGraw-Hill
Date of publication, distribution, etc. 1961
300 ## - PHYSICAL DESCRIPTION
Extent vii, 339 p.
490 ## - SERIES STATEMENT
Series statement Schaums outline series
650 #0 - SUBJECT ADDED ENTRY--TOPICAL TERM
Topical term or geographic name as entry element Statistical mathematics
942 ## - ADDED ENTRY ELEMENTS (KOHA)
Koha item type General Book
Holdings
Koha date last seen Koha normalized classification for sorting Source of classification or shelving scheme Not for loan Withdrawn status Price effective from Shelving location Piece designation (barcode) Sublocation or collection (holding branch) Copy number Koha item type Location (home branch) Lost status Date acquired Koha full call number Damaged status
2014-12-13519_900000000000000_SPI_1961   2014-12-13Circulation section45113Central Library, BUET1General BookCentral Library, BUET 2014-12-13519.9/SPI/1961 
2014-12-13519_900000000000000_SPI_1961   2014-12-13Circulation section7858Central Library, BUET2General BookCentral Library, BUET 2014-12-13519.9/SPI/1961 
2015-06-11519_900000000000000_SPI_1961   2015-06-11Reading section23617Central Library, BUET3Reading ItemCentral Library, BUET 2015-06-11519.9/SPI/1961 
2015-06-11519_900000000000000_SPI_1961   2015-06-11Reading section9588Central Library, BUET4Reading ItemCentral Library, BUET 2015-06-11519.9/SPI/1961 
2015-06-11519_900000000000000_SPI_1961   2015-06-11Reading section17979Central Library, BUET5Reading ItemCentral Library, BUET 2015-06-11519.9/SPI/1961 
2015-06-11519_900000000000000_SPI_1961   2015-06-11Reading section31852Central Library, BUET6Reading ItemCentral Library, BUET 2015-06-11519.9/SPI/1961 
2016-11-27519_900000000000000_SPI_1961   2016-11-27Circulation section31857Central Library, BUET7General BookCentral Library, BUET 2016-11-27519.9/SPI/1961